[Event "RUS-chT blitz"]
[Site "Sochi"]
[Date "2015.05.10"]
[Round "6.5"]
[White "Nepomniachtchi, Ian"]
[Black "Kamsky, Gata"]
[Result "1/2-1/2"]
[WhiteElo "2728"]
[BlackElo "2673"]
[PlyCount "266"]
[EventDate "2015.05.10"]
[EventType "team-swiss (blitz)"]
[EventRounds "11"]
[EventCountry "RUS"]
[SourceTitle "CBM 166 Extra"]
[Source "ChessBase"]
[SourceDate "2015.06.18"]
[SourceVersion "1"]
[SourceVersionDate "2015.06.18"]
[SourceQuality "1"]
[WhiteTeam "Moscow Our Heritage"]
[BlackTeam "Kazan Ladya"]
[WhiteTeamCountry "RUS"]
[BlackTeamCountry "RUS"]

1. e4 g6 2. d4 Bg7 3. Nc3 d6 4. Nf3 e6 5. Be3 b6 6. Qd2 Bb7 7. O-O-O Nd7 8. Kb1
a6 9. h4 h6 10. Bd3 Ngf6 11. Nh2 b5 12. f3 Nb6 13. g4 Nfd7 14. Qf2 b4 15. Ne2
Qe7 16. Ng3 c5 17. f4 O-O-O 18. g5 Kb8 19. gxh6 Rxh6 20. Nf3 Rhh8 21. f5 c4 22.
Bf1 exf5 23. exf5 b3 24. axb3 cxb3 25. cxb3 Nd5 26. Bd2 gxf5 27. Re1 Qf8 28.
Nxf5 Bf6 29. h5 Ka8 30. h6 Nc7 31. Bd3 Ne6 32. Bb4 Nb8 33. Ka2 Nc7 34. Rhf1 Nd5
35. Ba3 Nc6 36. Qd2 Rd7 37. Be4 Na7 38. Bd3 Qd8 39. Rh1 Nb5 40. Be4 Qb6 41. h7
Nxa3 42. bxa3 Rc7 43. Bxd5 Bxd5 44. Re3 Be6 45. Qd3 Rb7 46. Rb1 Rxh7 47. Nxd6
Qxd6 48. Qxh7 a5 49. a4 Qc6 50. Ka1 Qd6 51. Qc2 Qa3+ 52. Qa2 Qd6 53. Qb2 Rb4
54. Rd3 Bf5 55. Rbd1 Bxd3 56. Rxd3 Qd5 57. Qc2 Rb7 58. Ka2 Kb8 59. Nd2 Be7 60.
Nc4 Bb4 61. Qh2+ Ka7 62. Qe2 Re7 63. Re3 Rd7 64. Re4 f5 65. Re5 Qxd4 66. Rxf5
Re7 67. Qg2 Qe4 68. Qxe4 Rxe4 69. Nxa5 Re2+ 70. Kb1 Bc3 71. Nc4 Kb7 72. Rf3 Bb4
73. Nb2 Re1+ 74. Ka2 Re2 75. Rd3 Rg2 76. Kb1 Rg1+ 77. Rd1 Rg3 78. Nd3 Bd6 79.
Kc2 Kc6 80. Rh1 Kd5 81. Rh5+ Kd4 82. Rh4+ Kd5 83. a5 Rg2+ 84. Kc3 Ra2 85. b4
Ra3+ 86. Kc2 Kc6 87. Rh5 Kb7 88. Rh7+ Kc6 89. Rh6 Kd5 90. Rh4 Kc6 91. Rd4 Bf8
92. Kb2 Rxa5 93. Ne5+ Rxe5 94. Kb3 Re3+ 95. Kc4 Bd6 96. Rg4 Re1 97. Rd4 Rb1 98.
Kd3 Be5 99. Re4 Kd5 100. Rg4 Rb3+ 101. Ke2 Bd6 102. Rg8 Rxb4 103. Rd8 Rb3 104.
Kd2 Ke5 105. Re8+ Kd4 106. Rd8 Rb2+ 107. Kc1 Rb6 108. Kd2 Ra6 109. Rd7 Ke4 110.
Kc3 Rc6+ 111. Kb3 Kd3 112. Rb7 Bc5 113. Rb5 Rc8 114. Rb7 Bd4 115. Rb5 Rc1 116.
Kb4 Ra1 117. Kb3 Rb1+ 118. Ka4 Rc1 119. Kb3 Bc5 120. Ka4 Kd4 121. Kb3 Ra1 122.
Kb2 Rh1 123. Kb3 Rh3+ 124. Kc2 Kc4 125. Rb2 Rh2+ 126. Kb1 Rh1+ 127. Kc2 Ba3
128. Ra2 Rh3 129. Kb1 Rb3+ 130. Kc2 Rc3+ 131. Kd2 Rh3 132. Rc2+ Kd4 133. Ke2
Ke5 1/2-1/2

[Event "RUS-chT blitz"]
[Site "Sochi"]
[Date "2015.05.10"]
[Round "7.9"]
[White "Kamsky, Gata"]
[Black "Chigaev, Maksim"]
[Result "1-0"]
[WhiteElo "2673"]
[BlackElo "2496"]
[PlyCount "55"]
[EventDate "2015.05.10"]
[EventType "team-swiss (blitz)"]
[EventRounds "11"]
[EventCountry "RUS"]
[SourceTitle "CBM 166 Extra"]
[Source "ChessBase"]
[SourceDate "2015.06.18"]
[SourceVersion "1"]
[SourceVersionDate "2015.06.18"]
[SourceQuality "1"]
[WhiteTeam "Kazan Ladya"]
[BlackTeam "St Petersburg Hilti"]
[WhiteTeamCountry "RUS"]
[BlackTeamCountry "RUS"]

1. d4 d6 2. Nf3 f5 3. c4 g6 4. Nc3 Nf6 5. Bf4 Bg7 6. e3 c6 7. h3 O-O 8. Bh2
Nbd7 9. Be2 Qe8 10. O-O Kh8 11. b4 e5 12. Qb3 h6 13. Rad1 g5 14. dxe5 dxe5 15.
Nd2 e4 16. c5 Ne5 17. Nc4 Nxc4 18. Bxc4 f4 19. exf4 gxf4 20. Bxf4 Qg6 21. Ne2
Nd5 22. Bxd5 cxd5 23. Qg3 Qxg3 24. Bxg3 a5 25. b5 Bd7 26. a4 Be6 27. Nf4 Bf7
28. Nxd5 1-0

[Event "RUS-chT blitz"]
[Site "Sochi"]
[Date "2015.05.10"]
[Round "8.5"]
[White "Kamsky, Gata"]
[Black "Korobov, Anton"]
[Result "1/2-1/2"]
[WhiteElo "2673"]
[BlackElo "2708"]
[PlyCount "213"]
[EventDate "2015.05.10"]
[EventType "team-swiss (blitz)"]
[EventRounds "11"]
[EventCountry "RUS"]
[SourceTitle "CBM 166 Extra"]
[Source "ChessBase"]
[SourceDate "2015.06.18"]
[SourceVersion "1"]
[SourceVersionDate "2015.06.18"]
[SourceQuality "1"]
[WhiteTeam "Kazan Ladya"]
[BlackTeam "Novosibirsk Sibir"]
[WhiteTeamCountry "RUS"]
[BlackTeamCountry "RUS"]

1. b3 d5 2. Bb2 c5 3. g3 Nc6 4. Bg2 e5 5. d3 f6 6. e3 Be6 7. Nd2 Nge7 8. Ne2
Qd7 9. h3 h5 10. a3 g5 11. c4 Bg7 12. Qc2 Rd8 13. h4 g4 14. O-O dxc4 15. Nxc4
Qxd3 16. Rfc1 Qxc2 17. Rxc2 Kf7 18. Nc3 f5 19. Nb5 b6 20. b4 e4 21. Bxg7 Kxg7
22. bxc5 bxc5 23. Bf1 Rd7 24. Rac1 Rhd8 25. Be2 a6 26. Nc3 Nd4 27. exd4 cxd4
28. Rb2 dxc3 29. Rxc3 Nd5 30. Rc1 Rc8 31. Rbc2 Kf6 32. Ne3 Rxc2 33. Rxc2 f4 34.
gxf4 Nxf4 35. Bxa6 Ra7 36. Rc6 Ke5 37. a4 Bd7 38. Nc4+ Kd4 39. Rf6 Nd5 40. Rh6
Nb4 41. Bb5 Bxb5 42. axb5 Kxc4 43. Rxh5 Nd5 44. Rg5 Kd4 45. Rxg4 Rb7 46. h5
Rxb5 47. h6 Rb7 48. f3 Nf6 49. Rh4 Ke5 50. fxe4 Rh7 51. Kg2 Nxe4 52. Kf3 Nf6
53. Rh1 Kf5 54. Rh3 Kg5 55. Rh1 Ra7 56. Ke3 Ng4+ 57. Kd4 Nxh6 58. Kd5 Nf5 59.
Ke5 Re7+ 60. Kd5 Kf6 61. Kc5 Rc7+ 62. Kd5 Rd7+ 63. Kc5 Ng3 64. Re1 Kf5 65. Kc6
Rd2 66. Re8 Ne4 67. Re7 Rd6+ 68. Kb5 Nf6 69. Kc4 Ng4 70. Kc5 Rd1 71. Rh7 Ne5
72. Rh5+ Kf6 73. Rh6+ Kg5 74. Rh8 Kf5 75. Rh5+ Kf4 76. Rh4+ Kg5 77. Rh8 Nd7+
78. Kc4 Nf6 79. Kc5 Kf5 80. Rh2 Ke5 81. Re2+ Ne4+ 82. Kc6 Rd6+ 83. Kc7 Rd4 84.
Re1 Rc4+ 85. Kd7 Ra4 86. Kc6 Ke6 87. Re2 Rc4+ 88. Kb6 Kd5 89. Rh2 Rb4+ 90. Kc7
Rc4+ 91. Kb6 Rc6+ 92. Kb5 Nd6+ 93. Kb4 Rc4+ 94. Kb3 Ne4 95. Rh8 Rc6 96. Rd8+
Nd6 97. Rh8 Kd4 98. Rd8 Rb6+ 99. Kc2 Kc4 100. Ra8 Nf5 101. Ra4+ Kd5 102. Kc3
Rc6+ 103. Kd3 Rc5 104. Ra8 Ke5 105. Re8+ Kf4 106. Rf8 Rd5+ 107. Kc4 1/2-1/2

[Event "RUS-chT blitz"]
[Site "Sochi"]
[Date "2015.05.10"]
[Round "9.9"]
[White "Sjugirov, Sanan"]
[Black "Kamsky, Gata"]
[Result "0-1"]
[WhiteElo "2670"]
[BlackElo "2673"]
[PlyCount "96"]
[EventDate "2015.05.10"]
[EventType "team-swiss (blitz)"]
[EventRounds "11"]
[EventCountry "RUS"]
[SourceTitle "CBM 166 Extra"]
[Source "ChessBase"]
[SourceDate "2015.06.18"]
[SourceVersion "1"]
[SourceVersionDate "2015.06.18"]
[SourceQuality "1"]
[WhiteTeam "Samara Lada"]
[BlackTeam "Kazan Ladya"]
[WhiteTeamCountry "RUS"]
[BlackTeamCountry "RUS"]

1. d4 d5 2. c4 c6 3. Nc3 Nf6 4. Nf3 a6 5. g3 dxc4 6. Ne5 g6 7. Nxc4 Bg7 8. e4
O-O 9. Bg2 Ne8 10. Be3 Nd6 11. Nxd6 exd6 12. O-O Re8 13. a4 a5 14. d5 Na6 15.
Qd2 Nc5 16. Rad1 Bg4 17. f3 Bd7 18. Qc2 Rc8 19. dxc6 Rxc6 20. Rd2 Be6 21. f4
Bb3 22. Qb1 Qc8 23. e5 dxe5 24. Bxc6 Qxc6 25. f5 Bc4 26. Rff2 e4 27. f6 Bf8 28.
Qd1 Nd3 29. Rf1 Ne5 30. Kg2 Bxf1+ 31. Qxf1 Nc4 32. Re2 Nxe3+ 33. Rxe3 Bc5 34.
Re2 Bd4 35. Qf4 Bxf6 36. Nxe4 Re6 37. Qf3 Be7 38. g4 Qxa4 39. h3 Qc6 40. Kh2 a4
41. Kg2 b5 42. Kh2 b4 43. g5 a3 44. Rf2 Qe8 45. bxa3 bxa3 46. h4 Rxe4 47. Qxe4
Bd6+ 48. Rf4 Qxe4 0-1

[Event "RUS-chT blitz"]
[Site "Sochi"]
[Date "2015.05.10"]
[Round "10.5"]
[White "Kamsky, Gata"]
[Black "Zvjaginsev, Vadim"]
[Result "1-0"]
[WhiteElo "2673"]
[BlackElo "2660"]
[PlyCount "153"]
[EventDate "2015.05.10"]
[EventType "team-swiss (blitz)"]
[EventRounds "11"]
[EventCountry "RUS"]
[SourceTitle "CBM 166 Extra"]
[Source "ChessBase"]
[SourceDate "2015.06.18"]
[SourceVersion "1"]
[SourceVersionDate "2015.06.18"]
[SourceQuality "1"]
[WhiteTeam "Kazan Ladya"]
[BlackTeam "Moscow Our Heritage II"]
[WhiteTeamCountry "RUS"]
[BlackTeamCountry "RUS"]

1. d4 Nf6 2. Nf3 d5 3. c4 e6 4. g3 c5 5. cxd5 cxd4 6. Bg2 Qxd5 7. Qxd4 Nc6 8.
Qh4 Qe4 9. Qxe4 Nxe4 10. Nbd2 Nxd2 11. Bxd2 Bd7 12. O-O Be7 13. Bc3 Bf6 14.
Bxf6 gxf6 15. Rfc1 Ke7 16. Rc3 Rac8 17. Rac1 Nb4 18. a3 Nd5 19. Rxc8 Rxc8 20.
Rxc8 Bxc8 21. Kf1 Nb6 22. b3 Nd7 23. Ke1 Nc5 24. Nd2 b6 25. b4 Na4 26. Nb1 e5
27. Kd2 Bf5 28. Nc3 Nxc3 29. Kxc3 Kd6 30. h4 h6 31. e3 Be6 32. Be4 Bd7 33. Bd3
f5 34. Bc4 f6 35. Bf1 Bc6 36. Be2 Bd7 37. Bh5 Bc8 38. Bf7 Bd7 39. Kc4 Bc6 40.
Bg6 Bd7 41. f4 Kc6 42. fxe5 fxe5 43. e4 Be6+ 44. Kc3 fxe4 45. Bxe4+ Kd6 46. Bf3
Ke7 47. Kd3 Kf6 48. Ke3 Bf5 49. g4 Bc2 50. Bb7 Bb1 51. Be4 Ba2 52. Bf3 Bb1 53.
Kd2 Bg6 54. Kc3 Bf7 55. Be2 Be6 56. Kd3 Bd5 57. Ke3 Bb3 58. Ke4 Ba2 59. g5+
hxg5 60. hxg5+ Kxg5 61. Kxe5 Bb3 62. Ba6 Kg4 63. Kd6 Kf3 64. Kc7 Ke3 65. Kb8
Kd4 66. Kxa7 Kc3 67. Kxb6 Kb2 68. Kc5 Kxa3 69. b5 Bd1 70. b6 Bf3 71. Bb5 Bb7
72. Bc6 Ba6 73. Bd5 Ka4 74. Kc6 Kb4 75. Be6 Ka5 76. Bc4 Bc8 77. Kc7 1-0

[Event "RUS-chT blitz"]
[Site "Sochi"]
[Date "2015.05.10"]
[Round "11.5"]
[White "Gabrielian, Artur"]
[Black "Kamsky, Gata"]
[Result "1-0"]
[WhiteElo "2576"]
[BlackElo "2673"]
[PlyCount "137"]
[EventDate "2015.05.10"]
[EventType "team-swiss (blitz)"]
[EventRounds "11"]
[EventCountry "RUS"]
[SourceTitle "CBM 166 Extra"]
[Source "ChessBase"]
[SourceDate "2015.06.18"]
[SourceVersion "1"]
[SourceVersionDate "2015.06.18"]
[SourceQuality "1"]
[WhiteTeam "Stavropol Region"]
[BlackTeam "Kazan Ladya"]
[WhiteTeamCountry "RUS"]
[BlackTeamCountry "RUS"]

1. e4 g6 2. d4 Bg7 3. Nc3 d6 4. f4 a6 5. Nf3 b5 6. Bd3 Nd7 7. O-O c5 8. dxc5
Nxc5 9. Be3 Nxd3 10. cxd3 Nf6 11. h3 Bb7 12. Qd2 Qd7 13. Rac1 O-O 14. f5 Rfc8
15. Bh6 Bh8 16. a3 d5 17. e5 d4 18. Ne2 Rxc1 19. Qxc1 Bxf3 20. Rxf3 Nd5 21. e6
fxe6 22. fxg6 hxg6 23. Qg5 Qe8 24. Rf8+ Qxf8 25. Bxf8 Kxf8 26. Qxg6 Bf6 27. Qh7
Rc8 28. Qh6+ Ke8 29. Qg6+ Kd7 30. Ng3 Rc1+ 31. Kh2 Be5 32. Qe4 Kd6 33. h4 Rc2
34. Kh3 Nf4+ 35. Kg4 Rxg2 36. Qa8 Rg1 37. Qb8+ Kd5 38. Qb7+ Kc5 39. b4+ Kd6 40.
Qb8+ Kd5 41. Qb7+ Kd6 42. Qb8+ Kd5 43. Qb7+ Kd6 44. Kf3 Rxg3+ 45. Kxg3 Nxd3+
46. Kf3 Bf6 47. Qxa6+ Kc7 48. Qa7+ Kc6 49. Qa6+ Kc7 50. Qxb5 Ne5+ 51. Ke4 Nf7
52. Qc4+ Kd7 53. Qb5+ Kc7 54. Qa5+ Kd7 55. b5 Nd6+ 56. Kd3 e5 57. Qa7+ Ke6 58.
b6 e4+ 59. Kc2 d3+ 60. Kb3 e3 61. b7 e2 62. Qe3+ Kf7 63. b8=Q Nf5 64. Qe4 d2
65. Qd5+ e6 66. Qxd2 Nd4+ 67. Ka4 e5 68. Qb7+ Ke6 69. Qe4 1-0

[Event "Chicago op 24th"]
[Site "Chicago"]
[Date "2015.05.22"]
[Round "2"]
[White "Hungaski, Robert Andrew"]
[Black "Kamsky, Gata"]
[Result "1/2-1/2"]
[WhiteElo "2456"]
[BlackElo "2673"]
[PlyCount "30"]
[EventDate "2015.05.21"]
[EventType "swiss"]
[EventRounds "9"]
[EventCountry "USA"]
[SourceTitle "CBM 166 Extra"]
[Source "ChessBase"]
[SourceDate "2015.06.18"]
[SourceVersion "1"]
[SourceVersionDate "2015.06.18"]
[SourceQuality "1"]

1. e4 e5 2. Nf3 Nc6 3. d4 exd4 4. Nxd4 Bc5 5. Nb3 Bb6 6. Nc3 Nge7 7. Qe2 O-O 8.
Be3 f5 9. exf5 Rxf5 10. f4 Rf6 11. Bxb6 axb6 12. Qd2 d5 13. O-O-O Kh8 14. g3
Na5 15. Nxa5 Rxa5 1/2-1/2

[Event "Chicago op 24th"]
[Site "Chicago"]
[Date "2015.05.23"]
[Round "4"]
[White "Perelshteyn, Eugene"]
[Black "Kamsky, Gata"]
[Result "1/2-1/2"]
[WhiteElo "2517"]
[BlackElo "2673"]
[PlyCount "41"]
[EventDate "2015.05.21"]
[EventType "swiss"]
[EventRounds "9"]
[EventCountry "USA"]
[SourceTitle "CBM 166 Extra"]
[Source "ChessBase"]
[SourceDate "2015.06.18"]
[SourceVersion "1"]
[SourceVersionDate "2015.06.18"]
[SourceQuality "1"]

1. e4 e5 2. Nf3 Nc6 3. Bc4 Bc5 4. c3 Nf6 5. d4 exd4 6. cxd4 Bb4+ 7. Bd2 Bxd2+
8. Nbxd2 d5 9. exd5 Nxd5 10. O-O O-O 11. Rc1 Bg4 12. h3 Bh5 13. Bxd5 Qxd5 14.
Qa4 Bxf3 15. Nxf3 Qd6 16. Rc5 Ne7 17. Qb3 Rab8 18. Rb5 b6 19. Rc1 c6 20. Re5
Rb7 21. a3 1/2-1/2

[Event "Chicago op 24th"]
[Site "Chicago"]
[Date "2015.05.23"]
[Round "5"]
[White "Kamsky, Gata"]
[Black "Molner, Mackenzie"]
[Result "1-0"]
[WhiteElo "2673"]
[BlackElo "2507"]
[PlyCount "87"]
[EventDate "2015.05.21"]
[EventType "swiss"]
[EventRounds "9"]
[EventCountry "USA"]
[SourceTitle "CBM 166 Extra"]
[Source "ChessBase"]
[SourceDate "2015.06.18"]
[SourceVersion "1"]
[SourceVersionDate "2015.06.18"]
[SourceQuality "1"]

1. e4 c5 2. Nf3 d6 3. Bb5+ Nd7 4. O-O Ngf6 5. Re1 a6 6. Bd3 e5 7. c3 Be7 8. Bc2
O-O 9. d4 b5 10. Nbd2 Bb7 11. d5 g6 12. b3 Ne8 13. Nf1 Ng7 14. Bh6 Nf6 15. Ne3
Bc8 16. a4 Bd7 17. Nxe5 dxe5 18. d6 Bc6 19. dxe7 Qxe7 20. Qf3 Qe6 21. c4 bxc4
22. Nxc4 Ng4 23. Bxg7 Kxg7 24. Qc3 f6 25. Rad1 Rfd8 26. Nb6 Rab8 27. Qxc5 Nh6
28. a5 Bb5 29. Qc3 Nf7 30. b4 Qc6 31. Qxc6 Bxc6 32. f3 Bb5 33. Bb3 Rb7 34. Bd5
Re7 35. Rc1 Ng5 36. h4 Ne6 37. Rc8 Rd6 38. Kh2 Nf4 39. Rg8+ Kh6 40. Nc8 Rxd5
41. exd5 Rc7 42. Nd6 Nxd5 43. g4 Nxb4 44. Ne4 1-0

[Event "Chicago op 24th"]
[Site "Chicago"]
[Date "2015.05.24"]
[Round "6"]
[White "Shen, Victor C"]
[Black "Kamsky, Gata"]
[Result "0-1"]
[WhiteElo "2394"]
[BlackElo "2673"]
[PlyCount "74"]
[EventDate "2015.05.21"]
[EventType "swiss"]
[EventRounds "9"]
[EventCountry "USA"]
[SourceTitle "CBM 166 Extra"]
[Source "ChessBase"]
[SourceDate "2015.06.18"]
[SourceVersion "1"]
[SourceVersionDate "2015.06.18"]
[SourceQuality "1"]

1. d4 f5 2. e4 fxe4 3. Nc3 Nf6 4. Bg5 g6 5. d5 Bg7 6. Bc4 c6 7. Qd2 cxd5 8.
Bxd5 Qa5 9. Bb3 Nc6 10. O-O-O d6 11. Bxf6 Bxf6 12. Nxe4 Qxd2+ 13. Rxd2 Be5 14.
Ne2 Bf5 15. Ng5 Bf6 16. Ne6 Kd7 17. Nc5+ Kc7 18. Ne6+ Bxe6 19. Bxe6 g5 20. c3
Raf8 21. f3 Be5 22. Kc2 Rf6 23. Bd5 h5 24. h3 e6 25. Be4 h4 26. Kb1 d5 27. Bd3
Rd8 28. Rdd1 a6 29. a3 b5 30. a4 Kb6 31. axb5 axb5 32. Kc2 Rf7 33. Ra1 Rc7 34.
Rhd1 d4 35. cxd4 Nxd4+ 36. Kb1 Nf5 37. Bc2 Rxc2 0-1

[Event "Chicago op 24th"]
[Site "Chicago"]
[Date "2015.05.24"]
[Round "7"]
[White "Kamsky, Gata"]
[Black "Sevian, Samuel"]
[Result "1/2-1/2"]
[WhiteElo "2673"]
[BlackElo "2565"]
[PlyCount "92"]
[EventDate "2015.05.21"]
[EventType "swiss"]
[EventRounds "9"]
[EventCountry "USA"]
[SourceTitle "CBM 166 Extra"]
[Source "ChessBase"]
[SourceDate "2015.06.18"]
[SourceVersion "1"]
[SourceVersionDate "2015.06.18"]
[SourceQuality "1"]

1. d4 d5 2. Bf4 Nf6 3. e3 e6 4. Nd2 c5 5. c3 Nc6 6. Ngf3 Bd6 7. Bg3 O-O 8. Bb5
Bxg3 9. hxg3 Qb6 10. Bxc6 bxc6 11. Qc2 Rb8 12. Rb1 cxd4 13. cxd4 Ba6 14. Ne5
Rfc8 15. b4 Qb5 16. Qd1 Qb7 17. f4 Qe7 18. a3 Nd7 19. Nxd7 Qxd7 20. Qc2 h6 21.
Nb3 Qe7 22. Nc5 Bc4 23. Kf2 f6 24. Qg6 Qf7 25. Rxh6 Qxg6 26. Rxg6 Kf7 27. Rg4
a5 28. Rh4 axb4 29. Rxb4 Rxb4 30. axb4 Rb8 31. g4 Rxb4 32. Rh8 Rb1 33. Rc8 Rf1+
34. Kg3 Re1 35. Rc7+ Kg8 36. Rxc6 Rxe3+ 37. Kf2 Re2+ 38. Kf3 e5 39. Rc8+ Kh7
40. Ne6 Rc2 41. Kg3 exf4+ 42. Nxf4 Rc3+ 43. Kh2 Re3 44. Rd8 Re4 45. Nxd5 Bxd5
46. Rxd5 Rxg4 1/2-1/2

[Event "Chicago op 24th"]
[Site "Chicago"]
[Date "2015.05.25"]
[Round "8"]
[White "Bruzon Batista, Lazaro"]
[Black "Kamsky, Gata"]
[Result "1/2-1/2"]
[WhiteElo "2684"]
[BlackElo "2673"]
[PlyCount "27"]
[EventDate "2015.05.21"]
[EventType "swiss"]
[EventRounds "9"]
[EventCountry "USA"]
[SourceTitle "CBM 166 Extra"]
[Source "ChessBase"]
[SourceDate "2015.06.18"]
[SourceVersion "1"]
[SourceVersionDate "2015.06.18"]
[SourceQuality "1"]

1. e4 c6 2. d4 d5 3. e5 Bf5 4. Nf3 e6 5. Be2 Nd7 6. O-O h6 7. Nbd2 Ne7 8. Nb3
a6 9. Bd2 Qb6 10. Rc1 Qa7 11. Re1 Bh7 12. Bb4 Nc8 13. Bxf8 Nxf8 14. Nc5 1/2-1/2

[Event "Chicago op 24th"]
[Site "Chicago"]
[Date "2015.05.25"]
[Round "9"]
[White "Kamsky, Gata"]
[Black "Dobrov, Vladimir"]
[Result "1/2-1/2"]
[WhiteElo "2673"]
[BlackElo "2490"]
[PlyCount "127"]
[EventDate "2015.05.21"]
[EventType "swiss"]
[EventRounds "9"]
[EventCountry "USA"]
[SourceTitle "CBM 166 Extra"]
[Source "ChessBase"]
[SourceDate "2015.06.18"]
[SourceVersion "1"]
[SourceVersionDate "2015.06.18"]
[SourceQuality "1"]

1. d4 Nf6 2. Bf4 g6 3. Nf3 Bg7 4. c3 O-O 5. h3 d6 6. e3 c5 7. dxc5 dxc5 8. Qxd8
Rxd8 9. Nbd2 Nc6 10. Bc7 Rd7 11. Bh2 Rd8 12. a4 Bf5 13. Bb5 Ne4 14. g4 Nxd2 15.
Nxd2 Be6 16. O-O-O Rac8 17. Rhg1 a6 18. Bxc6 Rxc6 19. c4 Rdc8 20. Kc2 b5 21. a5
f5 22. b3 Rf8 23. f3 Rcc8 24. Bg3 Rfd8 25. gxf5 Bxf5+ 26. Ne4 Rf8 27. h4 Rc6
28. Bf4 Re6 29. Rd5 Rc6 30. Kd2 bxc4 31. bxc4 Be6 32. Rxc5 Rxc5 33. Nxc5 Bxc4
34. Rc1 Rd8+ 35. Ke1 Bb5 36. Ne6 Ra8 37. Rc7 Bf6 38. Bg5 Kf7 39. Bxf6 Kxf6 40.
Ng5 h6 41. Ne4+ Ke6 42. Kf2 Rd8 43. Rb7 Kf7 44. Nc3 Rd2+ 45. Kg3 Bc4 46. Rc7
Bf1 47. e4 Rc2 48. f4 Ke6 49. Kf3 Rc1 50. Ke3 Ra1 51. Rc6+ Kf7 52. Rc5 Bg2 53.
h5 gxh5 54. Rxh5 Kg7 55. Rh2 Bf1 56. Rh1 Ra3 57. Kd4 Bb5 58. Rg1+ Kf7 59. Rh1
Kg7 60. Nd5 Bc6 61. Rg1+ Kf7 62. Rh1 Kg7 63. Rg1+ Kf7 64. Rh1 1/2-1/2

[Event "Las Vegas National op"]
[Site "Las Vegas"]
[Date "2015.06.19"]
[Round "2"]
[White "Kamsky, Gata"]
[Black "Panchanatham, Vignesh"]
[Result "1-0"]
[WhiteElo "2669"]
[BlackElo "2227"]
[PlyCount "63"]
[EventDate "2015.06.19"]
[EventType "swiss"]
[EventRounds "6"]
[EventCountry "USA"]
[SourceTitle "CBM 167 Extra"]
[Source "ChessBase"]
[SourceDate "2015.09.14"]
[SourceVersion "1"]
[SourceVersionDate "2015.09.14"]
[SourceQuality "1"]

1. e4 e6 2. d4 d5 3. e5 c5 4. c3 Qb6 5. Nf3 Nc6 6. a3 c4 7. g3 Na5 8. Nbd2 Bd7
9. Bh3 h5 10. O-O Be7 11. Bg2 g5 12. h3 O-O-O 13. Rb1 g4 14. hxg4 hxg4 15. Nh2
Nh6 16. Re1 Rdg8 17. Ndf1 Bg5 18. Ne3 Nb3 19. Qe2 Nxc1 20. Rexc1 Qb3 21. Nhf1
Ba4 22. Nd2 Qb5 23. b3 cxb3 24. c4 dxc4 25. Rxc4+ Kb8 26. Nxb3 Bxe3 27. fxe3
Rc8 28. Nd2 Rxc4 29. Qxc4 Qxc4 30. Rxb7+ Kc8 31. Nxc4 Nf5 32. Rxa7 1-0

[Event "Las Vegas National op"]
[Site "Las Vegas"]
[Date "2015.06.20"]
[Round "4"]
[White "Kamsky, Gata"]
[Black "Chirila, Ioan Cristian"]
[Result "1-0"]
[WhiteElo "2669"]
[BlackElo "2527"]
[PlyCount "75"]
[EventDate "2015.06.19"]
[EventType "swiss"]
[EventRounds "6"]
[EventCountry "USA"]
[SourceTitle "CBM 167 Extra"]
[Source "ChessBase"]
[SourceDate "2015.09.14"]
[SourceVersion "1"]
[SourceVersionDate "2015.09.14"]
[SourceQuality "1"]

1. d4 Nf6 2. Nf3 g6 3. Bf4 Bg7 4. c3 O-O 5. h3 c5 6. e3 Qb6 7. Qb3 d6 8. Nbd2
Be6 9. Bc4 Bxc4 10. Nxc4 Qc6 11. O-O Nbd7 12. a4 Qd5 13. Rfe1 Rfe8 14. Nfd2
cxd4 15. cxd4 e5 16. Bg3 b6 17. e4 Qxd4 18. Nf3 Qc5 19. Rad1 d5 20. Ncxe5 Nxe5
21. Nxe5 Nxe4 22. Rxe4 dxe4 23. Qxf7+ Kh8 24. Rd7 Rg8 25. Rc7 Qd4 26. Qe7 Qd1+
27. Kh2 Raf8 28. Rxa7 Qh5 29. Nf7+ Rxf7 30. Qxf7 Bxb2 31. Qe6 Qc5 32. Qxe4 Bg7
33. Qb7 h5 34. Qe4 Kh7 35. Rc7 Qf8 36. Be5 Kh6 37. Qe3+ Kh7 38. Qxb6 1-0

[Event "Las Vegas National op"]
[Site "Las Vegas"]
[Date "2015.06.21"]
[Round "5"]
[White "Ghaem Maghami, Ehsan"]
[Black "Kamsky, Gata"]
[Result "1/2-1/2"]
[WhiteElo "2562"]
[BlackElo "2669"]
[PlyCount "25"]
[EventDate "2015.06.19"]
[EventType "swiss"]
[EventRounds "6"]
[EventCountry "USA"]
[SourceTitle "CBM 167 Extra"]
[Source "ChessBase"]
[SourceDate "2015.09.14"]
[SourceVersion "1"]
[SourceVersionDate "2015.09.14"]
[SourceQuality "1"]

1. Nf3 Nf6 2. c4 c6 3. d4 d5 4. e3 Bg4 5. h3 Bxf3 6. Qxf3 e6 7. Nc3 Nbd7 8. Bd3
Be7 9. O-O O-O 10. Rd1 Re8 11. Qe2 Bf8 12. b3 g6 13. Bb2 1/2-1/2

[Event "Las Vegas National op"]
[Site "Las Vegas"]
[Date "2015.06.21"]
[Round "6"]
[White "Kamsky, Gata"]
[Black "Molner, Mackenzie"]
[Result "1-0"]
[WhiteElo "2669"]
[BlackElo "2499"]
[PlyCount "57"]
[EventDate "2015.06.19"]
[EventType "swiss"]
[EventRounds "6"]
[EventCountry "USA"]
[SourceTitle "CBM 167 Extra"]
[Source "ChessBase"]
[SourceDate "2015.09.14"]
[SourceVersion "1"]
[SourceVersionDate "2015.09.14"]
[SourceQuality "1"]

1. c4 g6 2. e4 e5 3. d4 Nf6 4. Nf3 exd4 5. e5 Ne4 6. Qxd4 Bb4+ 7. Nbd2 Nxd2 8.
Bxd2 Nc6 9. Qf4 Bxd2+ 10. Qxd2 Qe7 11. O-O-O b6 12. Bd3 Bb7 13. Be4 O-O-O 14.
Rhe1 f6 15. exf6 Qxf6 16. Bd5 Rhf8 17. Re4 Ne7 18. Bxb7+ Kxb7 19. Ng5 Qg7 20.
Qe2 Nc6 21. f4 h6 22. Nf3 Qf7 23. g3 d5 24. Re6 dxc4 25. Rxc6 Rfe8 26. Qxc4
Rxd1+ 27. Kxd1 Qd7+ 28. Nd4 Rd8 29. Ke2 1-0

[Event "New York Int op 8th"]
[Site "New York"]
[Date "2015.07.15"]
[Round "1"]
[White "Barrett, Stephen J"]
[Black "Kamsky, Gata"]
[Result "0-1"]
[WhiteElo "2202"]
[BlackElo "2672"]
[PlyCount "64"]
[EventDate "2015.07.15"]
[EventType "swiss"]
[EventRounds "9"]
[EventCountry "USA"]
[SourceTitle "EXT 2016"]
[Source "ChessBase"]
[SourceDate "2015.10.08"]
[SourceVersion "1"]
[SourceVersionDate "2015.10.08"]
[SourceQuality "1"]

1. d4 Nf6 2. c4 e6 3. Nc3 Bb4 4. e3 O-O 5. Bd3 c5 6. Nge2 cxd4 7. exd4 d5 8.
O-O dxc4 9. Bxc4 Nbd7 10. Bf4 Nb6 11. Bb3 Bd7 12. Qd3 Bc6 13. Rad1 Re8 14. Bc2
g6 15. Be5 Nbd7 16. Qh3 Rc8 17. g4 Nd5 18. Bg3 Qa5 19. Ne4 Qxa2 20. Nf4 Nxf4
21. Bxf4 Be7 22. Bb3 Qxb2 23. d5 exd5 24. Bxd5 Bxd5 25. Rxd5 Qe2 26. Ng3 Qe6
27. Rfd1 Nf6 28. Rb5 Bc5 29. Nf5 gxf5 30. gxf5 Bxf2+ 31. Kh1 Qe4+ 32. Qg2+ Ng4
0-1

[Event "Washington op 4th"]
[Site "Rockville"]
[Date "2015.08.08"]
[Round "2"]
[White "Tang, Andrew"]
[Black "Kamsky, Gata"]
[Result "0-1"]
[WhiteElo "2387"]
[BlackElo "2670"]
[PlyCount "82"]
[EventDate "2015.08.08"]
[EventType "swiss"]
[EventRounds "9"]
[EventCountry "USA"]
[SourceTitle "CBM 167 Extra"]
[Source "ChessBase"]
[SourceDate "2015.09.14"]
[SourceVersion "1"]
[SourceVersionDate "2015.09.14"]
[SourceQuality "1"]

1. d4 f5 2. Nf3 Nf6 3. c4 g6 4. Nc3 Bg7 5. Bf4 d6 6. e3 c6 7. Be2 Be6 8. O-O h6
9. d5 Bf7 10. Nd4 O-O 11. Bf3 Qc8 12. Rc1 c5 13. Nc2 Nbd7 14. h3 Ne5 15. Be2 e6
16. dxe6 Qxe6 17. Na3 a6 18. Qb3 Qe7 19. Qc2 g5 20. Bh2 g4 21. Rcd1 Rad8 22.
hxg4 fxg4 23. Qd2 Kh8 24. b3 Rg8 25. Nc2 Nh5 26. Nd5 Qh4 27. g3 Qh3 28. Ne1
Rge8 29. Nf4 Nxf4 30. exf4 Nc6 31. Ng2 Nd4 32. Ne3 Nf3+ 33. Bxf3 gxf3 34. Qc2
Bg6 35. f5 Rxe3 36. fxe3 Bxf5 37. Qf2 Be4 38. g4 Qxg4+ 39. Qg3 Qh5 40. Rxd6 Rg8
41. Kf2 Bc3 0-1